=LDR 00000nam 2200000 4500 =001 NUTBA000000000000436 =005 20140322161803.0 =006 =007 =008 =035 ##$$0010-031400000000435 =100 ##$$a iRENA tJIUNATA =245 ##$$a THE TWINS EXCHANGE =260 ##$$a JAKARTA $b GRAMEDIA PUSTAKA U. $c 2009 =300 ##$$a 256 HLM =990 ##$$a 91239/BPAP-NTB/2014 =990 ##$$a 21400613/BPAP-NTB/20142014 =990 ##$$a 2090100813/BPAP-NTB/2015